LEADER 02331nam 2200553 450 001 9910141705103321 005 20230803194329.0 035 $a(CKB)2560000000291601 035 $a(MH)014054905-6 035 $a(SSID)ssj0001404178 035 $a(PQKBManifestationID)12536791 035 $a(PQKBTitleCode)TC0001404178 035 $a(PQKBWorkID)11382050 035 $a(PQKB)10020159 035 $a(EXLCZ)992560000000291601 100 $a20140404d2014 uy 0 101 0 $aita 181 $ctxt$2rdacontent 182 $cn$2rdamedia 183 $anc$2rdacarrier 200 00$aEuropa e Stati Uniti $ela sfida del mercato transatlantico : atti del seminario di studi, Firenze, Fondazione Spadolini Nuova Antologia : 29 novembre 2013 /$fa cura di Italico Santoro e Cosimo Ceccuti$b[electronic resource] 210 31$a[Place of publication not identified]$cEdizioni Polistampa$d2014 215 $a1 online resource (86 pages ) 225 1 $aBiblioteca della Nuova Antologia ;$v37 300 $aBibliographic Level Mode of Issuance: Monograph 311 $a88-596-1357-4 320 $aIncludes bibliographical references. 410 0$aBiblioteca della Nuova Antologia (Florence, Italy) ;$v37. 517 $aEuropa e Stati Uniti 606 $aCommerce$2HILCC 606 $aBusiness & Economics$2HILCC 606 $aInternational Commerce$2HILCC 607 $aEuropean Union countries$xForeign economic relations$zUnited States$vCongresses 607 $aUnited States$xForeign economic relations$zEuropean Union countries$vCongresses 607 $aEuropean Union countries$xForeign relations$zUnited States$vCongresses 607 $aUnited States$xForeign relations$zEuropean Union countries$vCongresses 615 7$aCommerce 615 7$aBusiness & Economics 615 7$aInternational Commerce 702 $aSantoro$b Italico 702 $aCeccuti$b Cosimo 801 0$bItFiC 801 1$bItFiC 801 2$bDLC 906 $aBOOK 912 $a9910141705103321 996 $aEuropa e Stati Uniti$92439135 997 $aUNINA 999 $aThis Record contains information from the Harvard Library Bibliographic Dataset, which is provided by the Harvard Library under its Bibliographic Dataset Use Terms and includes data made available by, among others the Library of Congress LEADER 05483oam 22012854 450 001 9910788522603321 005 20230617033136.0 010 $a1-4623-8038-7 010 $a1-4527-5737-2 010 $a1-281-15564-0 010 $a9786613777003 010 $a1-4518-9031-1 035 $a(CKB)3360000000441065 035 $a(EBL)3012491 035 $a(SSID)ssj0000949369 035 $a(PQKBManifestationID)11512170 035 $a(PQKBTitleCode)TC0000949369 035 $a(PQKBWorkID)10996014 035 $a(PQKB)10434934 035 $a(OCoLC)535146874 035 $a(MiAaPQ)EBC3012491 035 $a(IMF)WPIEE0032004 035 $a(EXLCZ)993360000000441065 100 $a20020129d2004 uf 0 101 0 $aeng 135 $aurcn||||||||| 181 $ctxt 182 $cc 183 $acr 200 10$aDo Macroeconomic Effects of Capital Controls Vary by their Type? Evidence From Malaysia /$fNatalia Tamirisa 210 1$aWashington, D.C. :$cInternational Monetary Fund,$d2004. 215 $a1 online resource (24 p.) 225 1 $aIMF Working Papers 300 $aCover title. 300 $a"January 2004"--Caption. 311 $a1-4518-4193-0 320 $aIncludes bibliographical references (p. 22-23). 327 $a""Contents""; ""I. INTRODUCTION""; ""II. CAPITAL FLOWS AND THEIR REGULATION IN MALAYSIA""; ""III. WHAT DO THE QUANTITATIVE DATA TELL US?""; ""IV. AN ERROR-CORRECTION MODEL WITH CAPITAL CONTROLS""; ""APPENDIX""; ""REFERENCES"" 330 3 $aThis paper examines how the macroeconomic effects of capital controls vary depending on which type of international financial transaction they cover. Drawing on Malaysia's experiences in regulating the capital account during the 1990s, it finds, in an error-correction model, that capital controls generally have statistically insignificant effects on the exchange rate. Controls on portfolio outflows and on bank and foreign exchange operations facilitate reductions in the domestic interest rate, while controls on portfolio inflows have the opposite effect, in line with the theoretical priors. Controls on international transactions in the domestic currency and stock market operations have statistically insignificant effects on the interest rate differential. 410 0$aIMF Working Papers; Working Paper ;$vNo. 2004/003 606 $aCapital movements$zMalaysia 606 $aFinancial crises$zAsia 606 $aMacroeconomics 606 $aBanks and Banking$2imf 606 $aExports and Imports$2imf 606 $aForeign Exchange$2imf 606 $aInternational Investment$2imf 606 $aLong-term Capital Movements$2imf 606 $aCurrent Account Adjustment$2imf 606 $aShort-term Capital Movements$2imf 606 $aMacroeconomic Aspects of International Trade and Finance: General$2imf 606 $aGeneral Financial Markets: Government Policy and Regulation$2imf 606 $aFinancial Institutions and Services: Government Policy and Regulation$2imf 606 $aInterest Rates: Determination, Term Structure, and Effects$2imf 606 $aInternational economics$2imf 606 $aFinancial services law & regulation$2imf 606 $aFinance$2imf 606 $aCurrency$2imf 606 $aForeign exchange$2imf 606 $aCapital controls$2imf 606 $aCapital account$2imf 606 $aCapital adequacy requirements$2imf 606 $aReal interest rates$2imf 606 $aReal exchange rates$2imf 606 $aBalance of payments$2imf 606 $aFinancial regulation and supervision$2imf 606 $aFinancial services$2imf 606 $aCapital movements$2imf 606 $aAsset requirements$2imf 606 $aInterest rates$2imf 607 $aMalaysia$xEconomic conditions 607 $aMalaysia$xEconomic policy 607 $aMalaysia$2imf 615 0$aCapital movements 615 0$aFinancial crises 615 0$aMacroeconomics. 615 7$aBanks and Banking 615 7$aExports and Imports 615 7$aForeign Exchange 615 7$aInternational Investment 615 7$aLong-term Capital Movements 615 7$aCurrent Account Adjustment 615 7$aShort-term Capital Movements 615 7$aMacroeconomic Aspects of International Trade and Finance: General 615 7$aGeneral Financial Markets: Government Policy and Regulation 615 7$aFinancial Institutions and Services: Government Policy and Regulation 615 7$aInterest Rates: Determination, Term Structure, and Effects 615 7$aInternational economics 615 7$aFinancial services law & regulation 615 7$aFinance 615 7$aCurrency 615 7$aForeign exchange 615 7$aCapital controls 615 7$aCapital account 615 7$aCapital adequacy requirements 615 7$aReal interest rates 615 7$aReal exchange rates 615 7$aBalance of payments 615 7$aFinancial regulation and supervision 615 7$aFinancial services 615 7$aCapital movements 615 7$aAsset requirements 615 7$aInterest rates 700 $aTamirisa$b Natalia$01098414 712 02$aInternational Monetary Fund.$bPolicy Development and Review Dept. 801 0$bDcWaIMF 906 $aBOOK 912 $a9910788522603321 996 $aDo Macroeconomic Effects of Capital Controls Vary by their Type? Evidence From Malaysia$93670948 997 $aUNINA